[Event "Politiken Cup 37th"]
[Site "Helsingor"]
[Date "2015.07.27"]
[Round "4"]
[White "Fossan, Petter"]
[Black "Schandorff, Lars"]
[Result "0-1"]
[WhiteElo "2308"]
[BlackElo "2520"]
[PlyCount "120"]
[EventDate "2015.07.25"]
[EventType "swiss"]
[EventRounds "10"]
[EventCountry "DEN"]
[SourceTitle "CBM 167 Extra"]
[Source "ChessBase"]
[SourceDate "2015.09.14"]
[SourceVersion "1"]
[SourceVersionDate "2015.09.14"]
[SourceQuality "1"]

1. d4 d5 2. c4 c6 3. cxd5 cxd5 4. Nc3 Nc6 5. Bf4 Bf5 6. e3 e6 7. Nf3 Bd6 8. Bxd6 Qxd6 9. Bd3 Nge7 10. 0-0 0-0 11. Bxf5 Nxf5 12. Qd3 Rfc8 13. Rfc1 Qd8 14. Na4 Nd6 15. Nc5 b6 16. Na6 Qd7 17. Nd2 Na5 18. b3 Rxc1+ 19. Rxc1 Rc8 20. Rc3 Rxc3 21. Qxc3 Qc6 22. Qxc6 Nxc6 23. Nb1 Kf8 24. Nc3 Ke7 25. b4 Ne4 26. Nxe4 dxe4 27. b5 Na5 28. Nb4 Kd6 29. Kf1 Nc4 30. Nc6 a5 31. Ke2 Na3 32. Na7 Kc7 33. Kd2 Kb7 34. Nc6 Kc7 35. Na7 Nc4+ 36. Kc3 Nd6 37. a4 Nf5 38. Nc6 f6 39. g3 Kd6 40. Kd2 h5 41. h3 h4 42. g4 Nh6 43. Ke2 Nf7 44. Kf1 Ng5 45. Kg2 Nf3 46. Kf1 Ng5 47. Kg2 Nf3 48. Kf1 e5 49. dxe5+ Nxe5 50. Nd4 Kd5 51. Nf5 g5 52. Ke2 Nd7 53. Ne7+ Kc4 54. f3 Kb3 55. Nd5 exf3+ 56. Kxf3 Kxa4 57. Ke4 Kxb5 58. Kf5 Kc4 59. e4 a4 60. Ke6 a3 0-1

[Event "Politiken Cup 36th"]
[Site "Helsingor"]
[Date "2014.07.28"]
[Round "9"]
[White "Gao, Rui"]
[Black "Fossan, Petter"]
[Result "1-0"]
[WhiteElo "2529"]
[BlackElo "2257"]
[PlyCount "87"]
[EventDate "2014.07.21"]
[EventType "swiss"]
[EventRounds "10"]
[EventCountry "DEN"]
[SourceTitle "CBM 161 Extra"]
[Source "ChessBase"]
[SourceDate "2014.08.29"]
[SourceVersion "1"]
[SourceVersionDate "2014.08.29"]
[SourceQuality "1"]

1. e4 c6 2. d4 d5 3. Nc3 dxe4 4. Nxe4 Bf5 5. Ng3 Bg6 6. h4 h6 7. Nf3 Nd7 8. h5 Bh7 9. Bd3 Bxd3 10. Qxd3 e6 11. Bd2 Ngf6 12. 0-0-0 Be7 13. Rde1 0-0 14. Ne4 Nxe4 15. Qxe4 Nf6 16. Qd3 Kh8 17. g4 Nxg4 18. Rhg1 Nf6 19. Ne5 Qe8 20. f4 Nd7 21. f5 Nxe5 22. dxe5 Rd8 23. Qg3 Rg8 24. f6 Rxd2 25. Kxd2 gxf6 26. Qxg8+ Qxg8 27. Rxg8+ Kxg8 28. Rg1+ Kf8 29. exf6 Bxf6 30. c3 Bg5+ 31. Ke2 Ke7 32. a4 a5 33. b4 axb4 34. cxb4 f5 35. a5 e5 36. b5 cxb5 37. Rb1 e4 38. Rxb5 f4 39. Re5+ Kf6 40. Rxe4 Kf5 41. Rb4 Kg4 42. Rxb7 f3+ 43. Kf1 Be3 44. a6 1-0

[Event "Politiken Cup 36th"]
[Site "Helsingor"]
[Date "2014.07.27"]
[Round "8"]
[White "Fossan, Petter"]
[Black "Ramirez Alvarez, Alejandro"]
[Result "1/2-1/2"]
[WhiteElo "2257"]
[BlackElo "2580"]
[PlyCount "24"]
[EventDate "2014.07.21"]
[EventType "swiss"]
[EventRounds "10"]
[EventCountry "DEN"]
[SourceTitle "CBM 161 Extra"]
[Source "ChessBase"]
[SourceDate "2014.08.29"]
[SourceVersion "1"]
[SourceVersionDate "2014.08.29"]
[SourceQuality "1"]

1. e4 e6 2. d4 d5 3. Nd2 h6 4. c3 c5 5. exd5 exd5 6. Ngf3 Nc6 7. Bb5 Bd6 8. dxc5 Bxc5 9. 0-0 Nge7 10. Nb3 Bd6 11. Be3 0-0 12. Bc5 Bxc5 1/2-1/2